北陸新幹線並行在来線区間 現在の路線名 - Statistics

General Stats
  • This quiz has been taken 200 times
  • The average score is 7 of 12
Answer Stats
ヒント Answer % Correct
高崎-横川 JR信越本線
94%
倶利伽羅-大聖寺 IRいしかわ鉄道線
69%
軽井沢-篠ノ井 しなの鉄道線
68%
大聖寺-敦賀 ハピラインふくい線
68%
敦賀-京都 JR湖西線(一応)
66%
市振-倶利伽羅 あいの風とやま鉄道線
64%
京都-新大阪 JR東海道本線(一応)
64%
篠ノ井-長野 JR信越本線
60%
直江津-市振 えちごトキめき鉄道日本海ひすいライン
57%
長野-妙高高原 しなの鉄道北しなの線
55%
妙高高原-直江津 えちごトキめき鉄道妙高はねうまライン
53%
横川-軽井沢 JRバス関東碓氷線
17%
No matching quizzes found
Score Distribution
Percent of People with Each Score
Percentile by Number Answered
Your Score History
You have not taken this quiz